000 00478nam a2200157Ia 4500
008 210716s2009 xx 000 0 und d
020 _a9788184892314
041 _aeng
082 _a621.3822 ANTG
100 _aAntona, Gabriele D;Ferrero, Alessandro.
245 _aDigital signal processing for measurement system: theory and applications.
_bTheory and applications.
250 _a1
260 _aNew Delhi
_bSpringer
_c2009
300 _axi,267
650 _aDigital Systems
999 _c192081
_d192081